[Event "Cappelle Online (Women) op"]
[Site "Europe Echecs INT"]
[Date "2021.03.08"]
[Round "3"]
[White "Khadijah, Qurota`Ain"]
[Black "Bulmaga, Irina"]
[Result "0-1"]
[WhiteElo "2050"]
[BlackElo "2440"]
[PlyCount "96"]
[EventDate "2021.03.08"]
[EventType "swiss (blitz)"]
[EventRounds "11"]
[EventCountry "FRA"]
[SourceTitle "CBM 201 Extra"]
[Source "ChessBase"]
[SourceDate "2021.05.31"]
[SourceVersion "1"]
[SourceVersionDate "2021.05.31"]
[SourceQuality "1"]

1. e4 c5 2. Nf3 d6 3. d4 cxd4 4. Nxd4 Nf6 5. Nc3 a6 6. Bg5 Nbd7 7. f4 Qc7 8. Qf3 b5 9. 0-0-0 Bb7 10. Nd5 Nxd5 11. exd5 Nb6 12. Bd3 Bxd5 13. Qe2 Bc4 14. Rhe1 0-0-0 15. Bxc4 Nxc4 16. Bxe7 Re8 17. Qg4+ Qd7 18. Qxd7+ Kxd7 19. Bh4 h6 20. Nf3 f6 21. Bf2 Rxe1 22. Rxe1 Be7 23. Nd4 g6 24. f5 g5 25. b3 Na5 26. Kd2 Rc8 27. Re3 d5 28. Rh3 Rh8 29. Ne6 Nb7 30. Kd3 Nd6 31. g4 Ne4 32. Be1 Bd6 33. Nd4 Be5 34. Ne2 Bd6 35. Ba5 Be5 36. Bb4 Nf2+ 37. Ke3 Nxh3 38. Be1 Nf4 39. Nxf4 Bxf4+ 40. Kd4 Kc6 41. Bb4 Be5+ 42. Kd3 h5 43. h3 hxg4 44. hxg4 Rh4 45. Be7 Rxg4 46. Ke3 Re4+ 47. Kd3 g4 48. Bb4 Rxb4 0-1

[Event "Jakarta op"]
[Site "Jakarta"]
[Date "2018.07.02"]
[Round "7"]
[White "David, Saputra"]
[Black "Khadijah, Qurota`Ain"]
[Result "0-1"]
[WhiteElo "1819"]
[BlackElo "2026"]
[PlyCount "104"]
[EventDate "2018.06.29"]
[EventType "swiss"]
[EventRounds "9"]
[EventCountry "INA"]
[SourceTitle "CBM 185 Extra"]
[Source "ChessBase"]
[SourceDate "2018.07.29"]
[SourceVersion "1"]
[SourceVersionDate "2018.07.29"]
[SourceQuality "1"]

1. e4 c5 2. Nc3 Nc6 3. Nge2 g6 4. g3 Bg7 5. Bg2 e6 6. d3 d6 7. Be3 Nd4 8. 0-0 Ne7 9. Qd2 0-0 10. Nd1 Rb8 11. c3 Nxe2+ 12. Qxe2 b5 13. d4 c4 14. Bd2 a5 15. Ne3 d5 16. e5 b4 17. Rab1 Bd7 18. h4 h6 19. h5 Kh7 20. g4 bxc3 21. Bxc3 gxh5 22. g5 hxg5 23. Qxh5+ Kg8 24. Ng4 f5 25. exf6 Bxf6 26. Bd2 Be8 27. Qh2 Nc6 28. Rfe1 Qd7 29. Qh3 Bg7 30. Bxg5 Nxd4 31. Bh6 Nf5 32. Bxg7 Kxg7 33. Ne5 Qe7 34. Bxd5 exd5 35. Qg4+ Kh7 36. Ng6 Qxe1+ 37. Rxe1 Bxg6 38. Qh3+ Kg7 39. Qc3+ Kh7 40. Re6 Rg8 41. Qh3+ Nh6 42. Re7+ Rg7 43. Rxg7+ Kxg7 44. Qd7+ Bf7 45. Qc7 Re8 46. Qxa5 d4 47. Kg2 Re2 48. Qb6 Kh7 49. Qxd4 Kg6 50. a4 Nf5 51. Qf4 Bd5+ 52. Kh3 Re4 0-1

[Event "Mare di Fano op 5th"]
[Site "Fano"]
[Date "2016.08.04"]
[Round "7"]
[White "Kholopov, Alexander A"]
[Black "Khadijah, Qurota`Ain"]
[Result "1-0"]
[WhiteElo "2289"]
[BlackElo "1996"]
[PlyCount "87"]
[EventDate "2016.07.30"]
[EventType "swiss"]
[EventRounds "9"]
[EventCountry "ITA"]
[SourceTitle "CBM 173 Extra"]
[Source "ChessBase"]
[SourceDate "2016.08.29"]
[SourceVersion "1"]
[SourceVersionDate "2016.08.29"]
[SourceQuality "1"]

1. d4 Nf6 2. c4 g6 3. Nc3 Bg7 4. e4 d6 5. Nf3 0-0 6. h3 Na6 7. Bg5 h6 8. Be3 e5 9. d5 b6 10. Nd2 Ne8 11. g4 Nc5 12. b4 Nd7 13. Bd3 a5 14. a3 f5 15. f3 axb4 16. axb4 Rxa1 17. Qxa1 Ndf6 18. Kd1 fxg4 19. fxg4 Bxg4+ 20. hxg4 Nxg4 21. Bg1 Qg5 22. Kc2 h5 23. Qe1 Bh6 24. Rh3 Ng7 25. Nb3 Qe7 26. c5 bxc5 27. bxc5 Bf4 28. Ne2 g5 29. Qa5 Nh6 30. Qa7 g4 31. Rh1 Qd8 32. Nxf4 exf4 33. Bd4 Rf7 34. Bxg7 Kxg7 35. Rxh5 Kg6 36. Rh1 Kg7 37. Nd4 Rf6 38. Ne6+ Rxe6 39. dxe6 Ng8 40. Qa1+ Qf6 41. cxd6 Qxa1 42. Rxa1 cxd6 43. Ra7+ Kf6 44. Rf7+ 1-0

[Event "Penang op-A 5th"]
[Site "Penang"]
[Date "2013.12.13"]
[Round "9"]
[White "Khadijah, Qurota`Ain"]
[Black "Lim, Winsen"]
[Result "1-0"]
[WhiteElo "1956"]
[BlackElo "1721"]
[PlyCount "118"]
[EventDate "2013.12.09"]
[EventType "swiss"]
[EventRounds "9"]
[EventCountry "MAS"]
[SourceTitle "CBM 157 Extra"]
[Source "ChessBase"]
[SourceDate "2013.12.19"]
[SourceVersion "1"]
[SourceVersionDate "2013.12.19"]
[SourceQuality "1"]

1. e4 c5 2. Nf3 d6 3. d4 cxd4 4. Nxd4 Nf6 5. Nc3 g6 6. Be3 Bg7 7. f3 0-0 8. Qd2 Nc6 9. Bc4 Bd7 10. 0-0-0 Qa5 11. h4 Rfc8 12. Bb3 Ne5 13. Kb1 b5 14. Ncxb5 Qxd2 15. Rxd2 Rab8 16. Nc3 a5 17. Rdd1 Rxc3 18. bxc3 a4 19. Kc1 axb3 20. cxb3 d5 21. exd5 Nxd5 22. Kd2 Rc8 23. Ne2 Nxe3 24. Kxe3 h5 25. a4 Bf5 26. Rd5 Bh6+ 27. Kf2 Nd3+ 28. Kf1 Nf4 29. Nxf4 Bxf4 30. c4 e6 31. Rxf5 gxf5 32. Kf2 Bd2 33. Rd1 Ba5 34. Ke3 Rb8 35. Rb1 Bb4 36. Kf4 f6 37. Rd1 Kf7 38. Rd7+ Kg6 39. Rd3 e5+ 40. Ke3 Bc5+ 41. Kd2 e4 42. fxe4 fxe4 43. Rd5 e3+ 44. Ke2 Ba7 45. Rb5 Ra8 46. c5 Re8 47. b4 f5 48. Rb7 Bb8 49. b5 f4 50. Rxb8 Rxb8 51. c6 Rc8 52. a5 Kf5 53. Kf3 Re8 54. Ke2 Rc8 55. b6 Rxc6 56. a6 Ke4 57. a7 Rc2+ 58. Kd1 Rb2 59. Kc1 Rxg2 1-0